000 00593nam a22002177a 4500
999 _c7693
_d7693
003 OSt
005 20220215124707.0
008 220215b ||||| |||| 00| 0 eng d
020 _a9780273694380
040 _cDDC
082 _a658.723 LYS ,2004
100 _aLYSONS KENNETH; FARRINGTON BRIAN
_915720
245 _aPURCHASING AND SUPPLY CHAIN MANAGEMENT
250 _a7TH ED
260 _aENGLAND
_bPRINTICE HALL;
_c2006
300 _aXIX,271P.
_bILL COL;
_c25CM
504 _aINCLUDES INDEX
650 _aPURCHASING
_91472
650 _aSUPPLY CHAIN MANAGEMENT
_95505
942 _2ddc
_cBOOK